000 00533cam a22001934a 4500
005 20250605164154.0
008 250528s ||||||||||||||||||||||||d
035 _a19523
020 _a2550619
040 _aGR-AtMCL
_bgre
_dGR-AtMCL
_eAACR2
245 1 _aΔΙΕΘΝΗ ΟΙΚΟΝΟΜΙΚΑ / ΜΙΑ ΕΙΣΑΓΩΓΙΚΗ ΠΡΟΣΕΓΓΙΣΗ
250 _a1
260 _bΤο Οικονομικο,
_c1996
300 _a407
700 1 _aΠουρναρακης Ε.Δ
_95758
942 _cBK
999 _c4779
_d4779